| 000 | 00895nam a2200253 i 4500 | ||
|---|---|---|---|
| 001 | 115238 | ||
| 003 | ES-MaACL | ||
| 005 | 20251209105143.0 | ||
| 007 | t| | ||
| 008 | 070227s1909 sp ||||1| spa d | ||
| 080 | _a821.134.2-32"19" | ||
| 100 | 1 |
_aFlores García, Francisco. _951283 |
|
| 245 | 1 | 3 |
_aEl padrino : _bnovela / _cpor F. Flores García ; ilustraciones de Agustín. |
| 260 |
_aMadrid : _bEl Cuento Semanal, _c1909. |
||
| 300 |
_a[20] p. : _bil. ; _c26 cm. |
||
| 490 | 1 |
_aEl cuento semanal ; _v109 |
|
| 530 | _aDisponible en formato digital. | ||
| 700 | 0 |
_aAgustín, _dca. 1878-1935 _9171519 |
|
| 830 | 1 | 3 |
_aEl cuento semanal _v109 _9185957 |
| 852 | 4 |
_aES-MaACL _jG-4443(5) _cDEPO2 |
|
| 856 | 4 |
_uhttps://www.bibliotecadigitaldeandalucia.es/catalogo/es/consulta/registro.do?id=1000057 _y(Biblioteca Virtual de Andalucía) |
|
| 942 | _2udc | ||
| 999 |
_c115238 _d115238 |
||